A basic course in statistics / (Record no. 353)

MARC details
000 -LEADER
fixed length control field 00924nam a2200277 a 4500
001 - CONTROL NUMBER
control field 4406351
005 - DATE AND TIME OF LATEST TRANSACTION
control field 20250703090818.0
008 - FIXED-LENGTH DATA ELEMENTS--GENERAL INFORMATION
fixed length control field 920820s1992 enka b 001 0 eng
010 ## - LIBRARY OF CONGRESS CONTROL NUMBER
LC control number 92202763
020 ## - INTERNATIONAL STANDARD BOOK NUMBER
International Standard Book Number 0340576979
040 ## - CATALOGING SOURCE
Original cataloging agency BSULIB
Transcribing agency BSU
050 00 - LIBRARY OF CONGRESS CALL NUMBER
Classification number QA276.12
Item number .C57 1992b
082 00 - DEWEY DECIMAL CLASSIFICATION NUMBER
Classification number 516
Edition number 22
Item number CLA
100 1# - MAIN ENTRY--PERSONAL NAME
Personal name Clarke, G. M.
Fuller form of name (Geoffrey Mallin)
9 (RLIN) 902
245 12 - TITLE STATEMENT
Title A basic course in statistics /
Statement of responsibility, etc G.M. Clarke, D. Cooke.
250 ## - EDITION STATEMENT
Edition statement 3rd ed.
260 ## - PUBLICATION, DISTRIBUTION, ETC. (IMPRINT)
Place of publication, distribution, etc London :
Name of publisher, distributor, etc Edward Arnold,
Date of publication, distribution, etc 1992.
300 ## - PHYSICAL DESCRIPTION
Extent vii. 451 p. :
Other physical details ill. ;
Dimensions 25 cm.
504 ## - BIBLIOGRAPHY, ETC. NOTE
Bibliography, etc Includes bibliographical references and index.
650 #0 - SUBJECT ADDED ENTRY--TOPICAL TERM
Topical term or geographic name as entry element Mathematical statistics.
9 (RLIN) 884
658 ## - INDEX TERM--CURRICULUM OBJECTIVE
Main curriculum objective Mathematics
700 1# - ADDED ENTRY--PERSONAL NAME
Personal name Cooke, D.
Fuller form of name (Dennis),
Dates associated with a name 1929-
9 (RLIN) 903
906 ## - LOCAL DATA ELEMENT F, LDF (RLIN)
a 7
b cbc
c orignew
d 3
e ncip
f 19
g y-gencatlg
942 ## - ADDED ENTRY ELEMENTS (KOHA)
Source of classification or shelving scheme Dewey Decimal Classification
Item type Reserved Books
Holdings
Withdrawn status Lost status Source of classification or shelving scheme Damaged status Not for loan Collection code Home library Current library Shelving location Date acquired Source of acquisition Total Checkouts Full call number Barcode Date last seen Copy number Price effective from Koha item type Inventory number Public note
    Dewey Decimal Classification       Main Library Main Library   19/10/2005 Donation   516 CLA 8414 19/10/2012 2 19/10/2012 Reserved Books    
    Dewey Decimal Classification       Main Library Main Library Open Shelves 19/10/2005 Donation   516 CLA bsu25070423 19/10/2012 001 19/10/2012 Books 9709 Material available in hard copy

© 2017 Bishop Stuart University Library. All Rights Reserved.
Kakoba Campus, Plot 150 Buremba Road | P.O. Box 9, Mbarara, UGANDA | Tel: +256-772-463068
Email: library@bsu.ac.ug